<?xml version="1.0" encoding="UTF-8"?>
<marc:record xmlns:marc="http://www.loc.gov/MARC21/slim">
   <marc:leader>00000nam a2200000 a 4500</marc:leader>
   <marc:datafield ind1="0" ind2="0" tag="245">
      <marc:subfield code="a">Hexen Gibt Es Doch [Bibi Blocksberg]</marc:subfield>
   </marc:datafield>
   <marc:datafield ind1="0" ind2="0" tag="245">
      <marc:subfield code="b">4.26601</marc:subfield>
   </marc:datafield>
   <marc:datafield ind1="0" ind2="0" tag="245">
      <marc:subfield code="c">Bibi Blocksberg</marc:subfield>
   </marc:datafield>
   <marc:datafield ind1=" " ind2="1" tag="264">
      <marc:subfield code="b">Kidnix</marc:subfield>
      <marc:subfield code="c">1980</marc:subfield>
   </marc:datafield>
   <marc:datafield ind1="1" ind2=" " tag="520">
      <marc:subfield code="a">Erst seit kurzer Zeit wohnen die Blocksbergs in Neustadt. Doch schon bald merken die Nachbarn: Das ist keine normale Familie. Herr Müller behauptet sogar,die kleine Bibi fliege manchmal auf einem Besen durch die Luft. Bald munkeln alle Leute in der Stadt: Mutter und Tochter Blocksberg sind Hexen.</marc:subfield>
   </marc:datafield>
   <marc:datafield ind1="3" ind2=" " tag="024">
      <marc:subfield code="a">4001504266011</marc:subfield>
   </marc:datafield>
   <marc:datafield ind1="0" ind2=" " tag="490">
      <marc:subfield code="v">0</marc:subfield>
   </marc:datafield>
</marc:record>
